00447 2200157 4500001002100000005001500021035002000036245010100056100001800157300001200175260004600187082000800233084001400241020002200255990001200277INLIS00000000000264420250805083229 a0010-08250000051 aSuper Modul KSN SMA 3 :bBiologi Genetika Evolusi Ekologi dan Biosistematika /cM. Syah Ramadhan0 aSyah Ramadhan a128 hlm aJakarta :bPT. Jakarta Sains Media,c2022 a574 a574 SYA s a978-623-6111-25-3 a0754842